Uspejete, keď pochopíte miestnych

S rastom e-commerce prichádza aj expanzia slovenských e-shopov do zahraničia. Rady odborníka na špecifiká trhov v Česku, Poľsku a v Číne.

Salvato in:
Dettagli Bibliografici
Autore principale: Budinská, Simona
Natura: Capitolo di libro
Lingua:slovacco
Soggetti:
Tags: Aggiungi Tag
Nessun Tag, puoi essere il primo ad aggiungerne!!

MARC

LEADER 00000naa a2200000 4500
001 0277246
005 20210714094112.7
041 0 |a slo 
044 |a SK 
245 1 0 |a Uspejete, keď pochopíte miestnych  |c Simona Budinská 
520 |a S rastom e-commerce prichádza aj expanzia slovenských e-shopov do zahraničia. Rady odborníka na špecifiká trhov v Česku, Poľsku a v Číne. 
610 2 0 |a obchod elektronický 
610 2 0 |a trh zahraničný 
610 2 0 |a prostredie podnikateľské 
610 2 0 |a Poľsko 
610 2 0 |a Česko 
610 2 0 |a Čína 
100 1 |a Budinská, Simona